000 00305nam a22001337a 4500
008 210302b ||||| |||| 00| 0 eng d
020 _a0674615409
041 _aeng
080 _a159.9
100 _a48
101 _aPSI
245 _aThe New Harvard Guide to Psychiatry
_cNicholi,M.A
942 _2udc
_cBK
999 _c55503
_d55503